<?xml version="1.0" encoding="UTF-8"?><?xml-stylesheet type="text/xsl" href="static/style.xsl"?><OAI-PMH xmlns="http://www.openarchives.org/OAI/2.0/" xmlns:xsi="http://www.w3.org/2001/XMLSchema-instance" xsi:schemaLocation="http://www.openarchives.org/OAI/2.0/ http://www.openarchives.org/OAI/2.0/OAI-PMH.xsd"><responseDate>2026-04-14T05:33:03Z</responseDate><request verb="GetRecord" identifier="oai:www.recercat.cat:2445/160276" metadataPrefix="marc">https://recercat.cat/oai/request</request><GetRecord><record><header><identifier>oai:recercat.cat:2445/160276</identifier><datestamp>2025-12-05T05:32:20Z</datestamp><setSpec>com_2072_1057</setSpec><setSpec>col_2072_478857</setSpec><setSpec>col_2072_478917</setSpec></header><metadata><record xmlns="http://www.loc.gov/MARC21/slim" xmlns:dcterms="http://purl.org/dc/terms/" xmlns:xsi="http://www.w3.org/2001/XMLSchema-instance" xmlns:doc="http://www.lyncode.com/xoai" xsi:schemaLocation="http://www.loc.gov/MARC21/slim http://www.loc.gov/standards/marcxml/schema/MARC21slim.xsd">
   <leader>00925njm 22002777a 4500</leader>
   <datafield ind2=" " ind1=" " tag="042">
      <subfield code="a">dc</subfield>
   </datafield>
   <datafield ind2=" " ind1=" " tag="720">
      <subfield code="a">Roca Vernet, Jordi, 1976-</subfield>
      <subfield code="e">author</subfield>
   </datafield>
   <datafield ind2=" " ind1=" " tag="260">
      <subfield code="c">2020-05-14T17:04:43Z</subfield>
   </datafield>
   <datafield ind2=" " ind1=" " tag="260">
      <subfield code="c">2020-05-14T17:04:43Z</subfield>
   </datafield>
   <datafield ind2=" " ind1=" " tag="260">
      <subfield code="c">2018</subfield>
   </datafield>
   <datafield ind2=" " ind1=" " tag="260">
      <subfield code="c">2020-05-14T17:04:43Z</subfield>
   </datafield>
   <datafield ind2=" " ind1=" " tag="520">
      <subfield code="a">[spa] La imagen de la ciudad de Barcelona fue una consecuencia de la interacción de la imagen formulada por los extranjeros o autoridades con la auto-percepción que de ella tenían sus conciudadanos. Este artículo propone un análisis de los estereotipos que confluyeron en la ciudad de Barcelona durante casi un siglo. Primero, se impuso la imagen rebelde y desleal de la ciudad, imagen anterior a la industrialización y a la Revolución Liberal. Estos dos fenómenos, por su parte, convirtieron Barcelona en una ciudad revolucionaria y subversiva. Más adelante, el regionalismo de las elites a través del movimiento cultural de la Renaixença transmitió la imagen de una ciudad pacífica, monárquica y católica.</subfield>
   </datafield>
   <datafield ind2=" " ind1=" " tag="520">
      <subfield code="a">[eng] The image of the city of Barcelona was a consequence of the interaction of the image formulated by the foreigners or authorities with the self-perception that it had their fellow citizens. This article proposes a route through the stereotypes that converged in the city of Barcelona for almost a century. First, the rebellious and disloyal image of the city before to industrialization and the Liberal Revolution prevailed; these two processes turned Barcelona into a revolutionary and subversive city. Later, the regionalism of the elites through the cultural movement of the Renaixença transmitted an image of a peaceful, monarchic and Catholic city.</subfield>
   </datafield>
   <datafield ind2=" " ind1=" " tag="520">
      <subfield code="a">[fra] L'image de la ville de Barcelone fut la conséquence de l'interaction entre l'image formulée par les étrangers ou par les autorités et l'auto-perception que ses habitants avaient d'elle. Cet article propose une analyse des stéréotypes qui ont circulé dans la ville de Barcelone pendant quasiment un siècle. D'abord s'est imposée l'image rebelle et déloyale de la ville, image antérieure à l'industrialisation et à la Révolution Libérale. Ces deux phénomènes ont, quant à eux, transformé Barcelone en une ville révolutionnaire et subversive. Quelques années plus tard, le régionalisme des élites que matérialise la Renaixença a transmis l'image d'une ville pacifique, monarchique et catholique.</subfield>
   </datafield>
   <datafield tag="653" ind2=" " ind1=" ">
      <subfield code="a">Història local</subfield>
   </datafield>
   <datafield tag="653" ind2=" " ind1=" ">
      <subfield code="a">Barcelona (Catalunya)</subfield>
   </datafield>
   <datafield tag="653" ind2=" " ind1=" ">
      <subfield code="a">Estereotip (Psicologia)</subfield>
   </datafield>
   <datafield tag="653" ind2=" " ind1=" ">
      <subfield code="a">Nacionalisme</subfield>
   </datafield>
   <datafield tag="653" ind2=" " ind1=" ">
      <subfield code="a">Regionalisme</subfield>
   </datafield>
   <datafield tag="653" ind2=" " ind1=" ">
      <subfield code="a">Local history</subfield>
   </datafield>
   <datafield tag="653" ind2=" " ind1=" ">
      <subfield code="a">Barcelona (Catalonia)</subfield>
   </datafield>
   <datafield tag="653" ind2=" " ind1=" ">
      <subfield code="a">Stereotype (Psychology)</subfield>
   </datafield>
   <datafield tag="653" ind2=" " ind1=" ">
      <subfield code="a">Nationalism</subfield>
   </datafield>
   <datafield tag="653" ind2=" " ind1=" ">
      <subfield code="a">Regionalism</subfield>
   </datafield>
   <datafield tag="653" ind2=" " ind1=" ">
      <subfield code="a">Segle XVIII-segle XIX</subfield>
   </datafield>
   <datafield ind2="0" ind1="0" tag="245">
      <subfield code="a">Los estereotipos de Barcelona: de rebelde, desleal y revolucionaria a regionalizada y pacífica</subfield>
   </datafield>
</record></metadata></record></GetRecord></OAI-PMH>